Aiiieeeee! (Record no. 123590)
[ view plain ]
| 000 -LEADER | |
|---|---|
| fixed length control field | 01778cam a22003373a 4500 |
| 001 - CONTROL NUMBER | |
| control field | 16382284 |
| 003 - CONTROL NUMBER IDENTIFIER | |
| control field | ARRUPE |
| 005 - DATE AND TIME OF LATEST TRANSACTION | |
| control field | 20151024115110.0 |
| 008 - FIXED-LENGTH DATA ELEMENTS--GENERAL INFORMATION | |
| fixed length control field | 911126t19911983nyu 000 0 eng d |
| 010 ## - LIBRARY OF CONGRESS CONTROL NUMBER | |
| LC control number | 98811639 |
| 020 ## - INTERNATIONAL STANDARD BOOK NUMBER | |
| International Standard Book Number | 0451628365 (pbk.) : |
| Terms of availability | $5.99 |
| 020 ## - INTERNATIONAL STANDARD BOOK NUMBER | |
| International Standard Book Number | 0882580086 |
| 035 ## - SYSTEM CONTROL NUMBER | |
| System control number | (OCoLC)ocm24862188 |
| 040 ## - CATALOGING SOURCE | |
| Original cataloging agency | OCO |
| Transcribing agency | OCO |
| Modifying agency | GZM |
| -- | DLC |
| 050 00 - LIBRARY OF CONGRESS CALL NUMBER | |
| Classification number | PS 508.A8 A1 |
| 300 ## - PHYSICAL DESCRIPTION | |
| Dimensions | 18 cm. |
| 245 00 - TITLE STATEMENT | |
| Title | Aiiieeeee! |
| Remainder of title | An anthology of Asian-American writers / |
| Statement of responsibility, etc | edited by Frank Chin ... [et al.] |
| 260 ## - PUBLICATION, DISTRIBUTION, ETC. (IMPRINT) | |
| Place of publication, distribution, etc | New York, N.Y. : |
| Name of publisher, distributor, etc | Mentor, |
| Date of publication, distribution, etc | [1991], c1983. |
| 300 ## - PHYSICAL DESCRIPTION | |
| Extent | xli, 294 p. ; |
| 500 ## - GENERAL NOTE | |
| General note | "A Mentor book." |
| 505 0# - FORMATTED CONTENTS NOTE | |
| Formatted contents note | From America is in the heart, a novel / Charles Bulosan -- The Chinese in Haifa / Jeffery Paul Chan -- From The frontiers of love, a novel / Diana Chang -- Act I of The chickencoop Chinaman / Frank Chin -- From Eat a bowl of tea, a novel / Louis Chu -- Act I of The gold watch / Momoko Iko -- Rough notes for Mantos / Wallace Lin -- The woman who makes swell doughnuts / Toshio Mori -- From No-no boy, a novel / John Okada -- Dark fiesta / Oscar PeƱaranda -- The new anak / Sam Tagatac -- Each year grain / Shawn Hsu Wong -- Yoneko's earthquake / Hisaye Yamamoto -- And the soul shall dance / Wakako Yamauchi. |
| 650 #0 - SUBJECT ADDED ENTRY--TOPICAL TERM | |
| Topical term or geographic name as entry element | American literature |
| General subdivision | Asian American authors. |
| 9 (RLIN) | 20463 |
| 650 #0 - SUBJECT ADDED ENTRY--TOPICAL TERM | |
| Topical term or geographic name as entry element | Asian Americans |
| Form subdivision | Literary collections. |
| 9 (RLIN) | 20464 |
| 650 #0 - SUBJECT ADDED ENTRY--TOPICAL TERM | |
| Topical term or geographic name as entry element | American literature |
| Chronological subdivision | 20th century. |
| 9 (RLIN) | 20465 |
| 655 #7 - INDEX TERM--GENRE/FORM | |
| Genre/form data or focus term | Adventure fiction. |
| Source of term | gsafd |
| 9 (RLIN) | 20466 |
| 655 #7 - INDEX TERM--GENRE/FORM | |
| Genre/form data or focus term | Epic fiction. |
| Source of term | gsafd |
| 9 (RLIN) | 20467 |
| 655 #7 - INDEX TERM--GENRE/FORM | |
| Genre/form data or focus term | Suspense fiction. |
| Source of term | gsafd |
| 9 (RLIN) | 20384 |
| 700 1# - ADDED ENTRY--PERSONAL NAME | |
| Personal name | Chin, Frank, |
| Dates associated with a name | 1940- |
| 9 (RLIN) | 20468 |
| 710 2# - ADDED ENTRY--CORPORATE NAME | |
| Corporate name or jurisdiction name as entry element | Copyright Paperback Collection (Library of Congress) |
| Institution to which field applies | DLC |
| 9 (RLIN) | 20469 |
| 906 ## - LOCAL DATA ELEMENT F, LDF (RLIN) | |
| a | 7 |
| b | cbc |
| c | copycat |
| d | 2 |
| e | ncip |
| f | 19 |
| g | y-genrareb |
| 942 ## - ADDED ENTRY ELEMENTS (KOHA) | |
| Source of classification or shelving scheme | Library of Congress Classification |
| Koha item type | Monograph ( Printed materials) |
| Withdrawn status | Lost status | Source of classification or shelving scheme | Damaged status | Not for loan | Home library | Current library | Date acquired | Total Checkouts | Full call number | Barcode | Date last seen | Price effective from | Koha item type |
|---|---|---|---|---|---|---|---|---|---|---|---|---|---|
| Library of Congress Classification | ARRUPE LIBRARY | ARRUPE LIBRARY | 24/10/2015 | PS 508.A8 A1 | 46500005255 | 24/10/2015 | 24/10/2015 | Monograph ( Printed materials) |